[Event "Irena Warakomska Memorial A"]
[Site "Suwalki"]
[Date "2021.08.03"]
[Round "9"]
[White "Karolczuk, Iwo"]
[Black "Chyzy, Jakub"]
[Result "1/2-1/2"]
[Board "22"]
[WhiteElo "2129"]
[WhiteCountry "POL"]
[WhiteFideId "21816972"]
[WhiteEloChange "4"]
[BlackElo "2257"]
[BlackTitle "FM"]
[BlackCountry "POL"]
[BlackFideId "21806209"]
[BlackEloChange "-4"]

1. d4 {[%clk 1:30:52]} Nf6 {[%clk 1:27:12]} 2. Nf3 {[%clk 1:30:53]} e6 {[%clk
1:27:18]} 3. e3 {[%clk 1:30:44]} b6 {[%clk 1:27:07]} 4. Bd3 {[%clk 1:31:06]} Bb7
{[%clk 1:27:34]} 5. O-O {[%clk 1:31:12]} d5 {[%clk 1:27:37]} 6. b3 {[%clk
1:30:10]} Bd6 {[%clk 1:27:35]} 7. c4 {[%clk 1:30:22]} O-O {[%clk 1:27:56]} 8.
cxd5 {[%clk 1:30:41]} exd5 {[%clk 1:28:07]} 9. Ba3 {[%clk 1:31:03]} Bxa3 {[%clk
1:26:36]} 10. Nxa3 {[%clk 1:31:27]} Qe7 {[%clk 1:26:19]} 11. Nb5 {[%clk 1:31:51]}
a6 {[%clk 1:21:29]} 12. Nc3 {[%clk 1:32:15]} Nbd7 {[%clk 1:21:34]} 13. Rc1 {[%clk
1:32:17]} c5 {[%clk 1:19:24]} 14. dxc5 {[%clk 1:27:57]} bxc5 {[%clk 1:16:32]} 15.
Qe2 {[%clk 1:27:18]} Rfe8 {[%clk 1:06:25]} 16. Rfd1 {[%clk 1:25:15]} d4 {[%clk
0:56:18]} 17. Na4 {[%clk 1:14:54]} dxe3 {[%clk 0:43:38]} 18. Qxe3 {[%clk
1:13:31]} Qxe3 {[%clk 0:43:54]} 19. fxe3 {[%clk 1:13:56]} Rxe3 {[%clk 0:39:47]}
20. Nxc5 {[%clk 1:14:07]} Bxf3 {[%clk 0:38:08]} 21. gxf3 {[%clk 1:13:40]} Ne5
{[%clk 0:38:21]} 22. Bxa6 {[%clk 1:05:11]} Nxf3+ {[%clk 0:38:37]} 23. Kg2 {[%clk
1:01:43]} h5 {[%clk 0:29:27]} 24. Rf1 {[%clk 0:48:30]} Ng5 {[%clk 0:17:55]} 25.
Rfe1 {[%clk 0:38:46]} Rae8 {[%clk 0:05:32]} 26. Rxe3 {[%clk 0:36:55]} Rxe3 {[%clk
0:06:00]} 27. Rc2 {[%clk 0:32:29]} h4 {[%clk 0:06:16]} 28. Be2 {[%clk 0:31:12]}
Nd5 {[%clk 0:05:22]} 29. a4 {[%clk 0:26:44]} Re5 {[%clk 0:03:17]} 30. Nd3 {[%clk
0:16:00]} Ne3+ {[%clk 0:03:42]} 31. Kg1 {[%clk 0:10:09]} Nh3+ {[%clk 0:03:25]}
32. Kh1 {[%clk 0:10:35]} Rg5 {[%clk 0:00:52]} 33. Rc1 {[%clk 0:10:32]} f5 {[%clk
0:00:41]} 34. Bf3 {[%clk 0:06:32]} f4 {[%clk 0:00:43]} 35. b4 {[%clk 0:06:00]}
Ng4 {[%clk 0:00:34]} 36. Bxg4 {[%clk 0:01:25]} Rxg4 {[%clk 0:01:03]} 37. b5
{[%clk 0:01:26]} f3 {[%clk 0:01:25]} 38. Rf1 {[%clk 0:01:47]} Rd4 {[%clk
0:00:45]} 39. Rxf3 {[%clk 0:01:21]} Rxd3 {[%clk 0:00:42]} 40. Rxd3 {[%clk
0:31:45]} Nf2+ {[%clk 0:31:11]} 41. Kg2 {[%clk 0:29:59]} Nxd3 {[%clk 0:31:14]}
42. b6 {[%clk 0:16:52]} Nc5 {[%clk 0:31:34]} 43. Kh3 {[%clk 0:17:08]} Kf7 {[%clk
0:31:01]} 44. Kxh4 {[%clk 0:17:07]} Kf6 {[%clk 0:31:02]} 45. a5 {[%clk 0:16:27]}
g5+ {[%clk 0:31:20]} 46. Kg4 {[%clk 0:15:31]} Na6 {[%clk 0:31:44]} 47. h4 {[%clk
0:15:00]} gxh4 {[%clk 0:32:11]} 48. Kxh4 {[%clk 0:15:23]} Ke5 {[%clk 0:32:19]}
1/2-1/2

[Event "Irena Warakomska Memorial A"]
[Site "Suwalki"]
[Date "2021.08.03"]
[Round "9"]
[White "Schippers, Maurice"]
[Black "Kaczmarek, Arkadiusz"]
[Result "1-0"]
[Board "23"]
[WhiteElo "2292"]
[WhiteTitle "FM"]
[WhiteCountry "NED"]
[WhiteFideId "1004735"]
[WhiteEloChange "6"]
[BlackElo "2147"]
[BlackCountry "POL"]
[BlackFideId "1178393"]
[BlackEloChange "-6"]

1. e4 {[%clk 1:30:57]} e6 {[%clk 1:30:43]} 2. d4 {[%clk 1:31:21]} d5 {[%clk
1:30:58]} 3. Nd2 {[%clk 1:31:46]} dxe4 {[%clk 1:31:12]} 4. Nxe4 {[%clk 1:32:10]}
Bd7 {[%clk 1:31:27]} 5. Nf3 {[%clk 1:30:30]} Bc6 {[%clk 1:31:35]} 6. Bd3 {[%clk
1:30:54]} Nd7 {[%clk 1:31:49]} 7. O-O {[%clk 1:30:46]} Ngf6 {[%clk 1:32:07]} 8.
Ng3 {[%clk 1:30:48]} Be7 {[%clk 1:32:21]} 9. Re1 {[%clk 1:29:38]} Bxf3 {[%clk
1:32:36]} 10. Qxf3 {[%clk 1:30:02]} c6 {[%clk 1:32:55]} 11. c3 {[%clk 1:29:07]}
O-O {[%clk 1:33:09]} 12. Bf4 {[%clk 1:26:25]} Re8 {[%clk 1:31:51]} 13. Rad1
{[%clk 1:26:40]} Qb6 {[%clk 1:31:01]} 14. Bc1 {[%clk 1:23:46]} c5 {[%clk
1:17:35]} 15. dxc5 {[%clk 1:21:32]} Nxc5 {[%clk 1:18:01]} 16. Bc2 {[%clk
1:21:28]} a5 {[%clk 1:18:19]} 17. Nh5 {[%clk 1:15:35]} Nxh5 {[%clk 1:15:56]} 18.
Qxh5 {[%clk 1:16:00]} g6 {[%clk 1:16:03]} 19. Qg4 {[%clk 1:10:13]} Red8 {[%clk
1:01:03]} 20. h4 {[%clk 1:07:13]} Rxd1 {[%clk 0:33:45]} 21. Rxd1 {[%clk 1:07:39]}
Rd8 {[%clk 0:32:48]} 22. h5 {[%clk 0:55:36]} Rxd1+ {[%clk 0:32:59]} 23. Qxd1
{[%clk 0:55:58]} Qd6 {[%clk 0:31:39]} 24. Qxd6 {[%clk 0:51:01]} Bxd6 {[%clk
0:31:41]} 25. hxg6 {[%clk 0:51:20]} hxg6 {[%clk 0:31:57]} 26. b4 {[%clk 0:51:21]}
axb4 {[%clk 0:21:52]} 27. cxb4 {[%clk 0:51:46]} Na6 {[%clk 0:22:10]} 28. a3
{[%clk 0:50:35]} f5 {[%clk 0:20:22]} 29. Kf1 {[%clk 0:42:40]} Kf7 {[%clk
0:14:10]} 30. Ke2 {[%clk 0:39:58]} Ke7 {[%clk 0:14:19]} 31. Bg5+ {[%clk 0:33:46]}
Kd7 {[%clk 0:06:23]} 32. Ba4+ {[%clk 0:31:37]} Kc8 {[%clk 0:06:43]} 33. Kd3
{[%clk 0:24:06]} Nc7 {[%clk 0:05:35]} 34. Kc4 {[%clk 0:24:07]} Be5 {[%clk
0:03:05]} 35. Bc1 {[%clk 0:18:55]} Kd8 {[%clk 0:02:08]} 36. Kc5 {[%clk 0:16:58]}
Kc8 {[%clk 0:01:05]} 37. Bb3 {[%clk 0:06:55]} Na6+ {[%clk 0:00:40]} 38. Kc4
{[%clk 0:06:25]} Nc7 {[%clk 0:00:44]} 39. Ba4 {[%clk 0:03:04]} Kd8 {[%clk
0:00:34]} 40. Bg5+ {[%clk 0:30:55]} Kc8 {[%clk 0:30:54]} 41. Bd2 {[%clk 0:24:55]}
Kd8 {[%clk 0:28:08]} 42. Bd1 {[%clk 0:24:04]} Bd6 {[%clk 0:17:28]} 43. a4 {[%clk
0:23:53]} b5+ {[%clk 0:17:34]} 44. axb5 {[%clk 0:20:50]} Nd5 {[%clk 0:17:54]} 45.
Bf3 {[%clk 0:19:13]} Nb6+ {[%clk 0:18:02]} 46. Kb3 {[%clk 0:18:47]} f4 {[%clk
0:13:16]} 47. Be4 {[%clk 0:16:25]} g5 {[%clk 0:13:35]} 48. f3 {[%clk 0:14:38]}
Kd7 {[%clk 0:08:41]} 49. Bc6+ {[%clk 0:13:14]} Ke7 {[%clk 0:08:31]} 50. Be1
{[%clk 0:13:27]} e5 {[%clk 0:08:13]} 51. Bf2 {[%clk 0:13:21]} Bc7 {[%clk
0:08:34]} 52. Kc3 {[%clk 0:11:36]} Ke6 {[%clk 0:08:32]} 53. Kd3 {[%clk 0:11:14]}
Na4 {[%clk 0:03:55]} 54. Be4 {[%clk 0:10:51]} Nb2+ {[%clk 0:01:14]} 55. Ke2
{[%clk 0:08:33]} Nc4 {[%clk 0:01:23]} 56. Bc5 {[%clk 0:04:48]} Nb6 {[%clk
0:01:19]} 57. Kd3 {[%clk 0:04:54]} Bd8 {[%clk 0:01:15]} 58. Bh7 {[%clk 0:04:14]}
Na4 {[%clk 0:01:17]} 59. Bg8+ {[%clk 0:04:09]} Kf6 {[%clk 0:00:37]} 60. Bb3
{[%clk 0:02:53]} Nb6 {[%clk 0:00:34]} 61. Ke4 {[%clk 0:02:14]} Bc7 {[%clk
0:00:34]} 62. Ba2 {[%clk 0:01:26]} Bd8 {[%clk 0:00:54]} 63. Bd6 {[%clk 0:01:38]}
Nd7 {[%clk 0:00:42]} 64. Kd5 {[%clk 0:01:40]} Be7 {[%clk 0:00:34]} 65. Kc6 {[%clk
0:01:06]} Bxd6 {[%clk 0:00:41]} 66. Kxd6 {[%clk 0:01:32]} Nb6 {[%clk 0:01:01]}
67. Kc7 {[%clk 0:01:44]} e4 {[%clk 0:00:43]} 68. Kxb6 {[%clk 0:02:01]} g4 {[%clk
0:01:08]} 69. fxg4 {[%clk 0:01:32]} f3 {[%clk 0:01:32]} 70. gxf3 {[%clk 0:01:55]}
e3 {[%clk 0:01:57]} 71. Bc4 {[%clk 0:02:21]} 1-0

[Event "Irena Warakomska Memorial A"]
[Site "Suwalki"]
[Date "2021.08.03"]
[Round "9"]
[White "Renkowski, Piotr"]
[Black "Indriunas, Matas"]
[Result "1-0"]
[Board "24"]
[WhiteElo "2150"]
[WhiteCountry "POL"]
[WhiteFideId "1114166"]
[WhiteEloChange "12"]
[BlackElo "2210"]
[BlackCountry "LTU"]
[BlackFideId "12812897"]
[BlackEloChange "-12"]

1. e4 {[%clk 1:30:55]} c5 {[%clk 1:30:55]} 2. c3 {[%clk 1:31:23]} d5 {[%clk
1:27:22]} 3. exd5 {[%clk 1:31:51]} Qxd5 {[%clk 1:27:44]} 4. d4 {[%clk 1:32:19]}
cxd4 {[%clk 1:27:20]} 5. cxd4 {[%clk 1:32:48]} Nc6 {[%clk 1:26:30]} 6. Nf3 {[%clk
1:32:18]} e5 {[%clk 1:26:37]} 7. Nc3 {[%clk 1:30:11]} Bb4 {[%clk 1:26:59]} 8. Bd2
{[%clk 1:30:10]} Bxc3 {[%clk 1:27:22]} 9. Bxc3 {[%clk 1:30:33]} e4 {[%clk
1:26:54]} 10. Ne5 {[%clk 1:30:17]} Nxe5 {[%clk 1:27:09]} 11. dxe5 {[%clk
1:30:41]} Ne7 {[%clk 1:27:32]} 12. Qa4+ {[%clk 1:15:42]} Bd7 {[%clk 1:27:51]} 13.
Qa3 {[%clk 1:16:03]} Qe6 {[%clk 1:24:32]} 14. Qb4 {[%clk 0:55:40]} Bc6 {[%clk
0:43:31]} 15. Bc4 {[%clk 0:53:40]} Qg4 {[%clk 0:40:35]} 16. h3 {[%clk 0:35:35]}
Qxg2 {[%clk 0:39:02]} 17. O-O-O {[%clk 0:35:37]} Qg5+ {[%clk 0:38:06]} 18. Kb1
{[%clk 0:35:13]} Ng6 {[%clk 0:29:10]} 19. e6 {[%clk 0:31:18]} fxe6 {[%clk
0:25:52]} 20. Bxg7 {[%clk 0:25:57]} Rg8 {[%clk 0:26:09]} 21. Bc3 {[%clk 0:25:36]}
Qe7 {[%clk 0:25:35]} 22. Qb3 {[%clk 0:24:42]} Nf4 {[%clk 0:25:30]} 23. Rhe1
{[%clk 0:24:05]} a6 {[%clk 0:18:33]} 24. Be5 {[%clk 0:18:57]} Nd5 {[%clk
0:18:39]} 25. Rxe4 {[%clk 0:16:45]} Nc3+ {[%clk 0:18:03]} 26. Qxc3 {[%clk
0:16:11]} Bxe4+ {[%clk 0:18:28]} 27. Ka1 {[%clk 0:16:32]} Kf7 {[%clk 0:16:03]}
28. Qe3 {[%clk 0:15:10]} Bf5 {[%clk 0:16:07]} 29. Qf3 {[%clk 0:15:05]} Ke8 {[%clk
0:15:24]} 30. Bb3 {[%clk 0:13:02]} Rc8 {[%clk 0:14:40]} 31. a3 {[%clk 0:12:40]}
Qc5 {[%clk 0:10:09]} 32. Bc3 {[%clk 0:12:20]} Qe7 {[%clk 0:07:40]} 33. Re1 {[%clk
0:11:49]} Rg6 {[%clk 0:06:36]} 34. Ka2 {[%clk 0:10:52]} Rc7 {[%clk 0:05:11]} 35.
Bb4 {[%clk 0:10:22]} Qf6 {[%clk 0:04:06]} 36. Qe3 {[%clk 0:09:11]} Rc6 {[%clk
0:02:17]} 37. Qa7 {[%clk 0:08:41]} Rg7 {[%clk 0:01:59]} 38. Rd1 {[%clk 0:07:48]}
Rgc7 {[%clk 0:01:19]} 39. Qb8+ {[%clk 0:06:48]} Rc8 {[%clk 0:01:43]} 40. Qxb7
{[%clk 0:37:12]} R8c7 {[%clk 0:30:44]} 41. Qb8+ {[%clk 0:36:15]} Rc8 {[%clk
0:31:03]} 42. Qg3 {[%clk 0:34:50]} Qg6 {[%clk 0:28:29]} 43. Qe5 {[%clk 0:21:00]}
R6c7 {[%clk 0:18:28]} 44. Qh8+ {[%clk 0:15:41]} Kf7 {[%clk 0:18:48]} 45. Rd7+
{[%clk 0:16:09]} Rxd7 {[%clk 0:19:11]} 46. Qxc8 {[%clk 0:16:38]} Bb1+ {[%clk
0:15:07]} 47. Ka1 {[%clk 0:17:04]} Qd3 {[%clk 0:15:24]} 48. Qf8+ {[%clk 0:16:38]}
Kg6 {[%clk 0:15:52]} 49. Qg8+ {[%clk 0:16:33]} Rg7 {[%clk 0:13:06]} 50. Qxe6+
{[%clk 0:16:34]} Kh5 {[%clk 0:13:32]} 51. Qe5+ {[%clk 0:15:53]} Rg5 {[%clk
0:13:50]} 52. Bf7+ {[%clk 0:15:20]} Kh4 {[%clk 0:13:47]} 53. Qf4+ {[%clk
0:15:08]} Kxh3 {[%clk 0:14:14]} 54. Qxg5 {[%clk 0:15:16]} 1-0

[Event "Irena Warakomska Memorial A"]
[Site "Suwalki"]
[Date "2021.08.03"]
[Round "9"]
[White "Parol, Pawel"]
[Black "Pacuszka, Tomasz"]
[Result "1/2-1/2"]
[Board "25"]
[WhiteElo "2144"]
[WhiteCountry "POL"]
[WhiteFideId "1119826"]
[WhiteEloChange "1"]
[BlackElo "2184"]
[BlackTitle "FM"]
[BlackCountry "POL"]
[BlackFideId "1119036"]
[BlackEloChange "-1"]

1. d4 {[%clk 1:30:52]} d5 {[%clk 1:30:47]} 2. c4 {[%clk 1:30:58]} c6 {[%clk
1:31:09]} 3. Nf3 {[%clk 1:31:03]} Nf6 {[%clk 1:31:27]} 4. e3 {[%clk 1:30:39]} e6
{[%clk 1:29:57]} 5. b3 {[%clk 1:30:19]} Nbd7 {[%clk 1:20:49]} 6. Bb2 {[%clk
1:28:25]} Bd6 {[%clk 1:10:46]} 7. Nbd2 {[%clk 1:23:32]} b6 {[%clk 1:10:58]} 8.
Bd3 {[%clk 1:21:21]} Bb7 {[%clk 1:11:08]} 9. O-O {[%clk 1:20:35]} O-O {[%clk
1:09:15]} 10. Ne5 {[%clk 1:09:52]} c5 {[%clk 1:05:06]} 11. f4 {[%clk 1:07:22]}
Ne4 {[%clk 1:00:21]} 12. cxd5 {[%clk 0:54:27]} exd5 {[%clk 0:58:22]} 13. Nxe4
{[%clk 0:47:10]} dxe4 {[%clk 0:58:37]} 14. Bc4 {[%clk 0:46:15]} Nf6 {[%clk
0:55:15]} 15. Qe2 {[%clk 0:34:32]} Qe7 {[%clk 0:52:59]} 16. Rad1 {[%clk 0:31:08]}
cxd4 {[%clk 0:39:38]} 17. Bxd4 {[%clk 0:31:11]} Bc5 {[%clk 0:39:46]} 18. Bxc5
{[%clk 0:25:38]} Qxc5 {[%clk 0:39:55]} 19. Rd4 {[%clk 0:24:26]} Rae8 {[%clk
0:38:05]} 20. Rfd1 {[%clk 0:20:52]} Bc8 {[%clk 0:33:19]} 21. h3 {[%clk 0:18:29]}
Be6 {[%clk 0:30:23]} 22. Bxe6 {[%clk 0:15:47]} Rxe6 {[%clk 0:30:45]} 23. Qc4
{[%clk 0:13:32]} Qe7 {[%clk 0:20:45]} 24. b4 {[%clk 0:07:52]} Qb7 {[%clk
0:15:09]} 25. Rd8 {[%clk 0:06:33]} g6 {[%clk 0:12:34]} 26. Nd7 {[%clk 0:02:15]}
Rxd8 {[%clk 0:05:34]} 27. Nxf6+ {[%clk 0:02:35]} Rxf6 {[%clk 0:05:53]} 28. Rxd8+
{[%clk 0:02:58]} Kg7 {[%clk 0:06:20]} 29. Qd4 {[%clk 0:01:50]} Qc6 {[%clk
0:04:23]} 30. b5 {[%clk 0:00:39]} Qc1+ {[%clk 0:03:22]} 31. Kh2 {[%clk 0:00:49]}
Qc5 {[%clk 0:03:44]} 32. Qxc5 {[%clk 0:00:35]} bxc5 {[%clk 0:04:08]} 33. Rd5
{[%clk 0:00:32]} a6 {[%clk 0:04:16]} 34. Rxc5 {[%clk 0:00:40]} axb5 {[%clk
0:04:39]} 35. Rxb5 {[%clk 0:00:50]} Ra6 {[%clk 0:05:03]} 36. Rb4 {[%clk 0:00:36]}
Rxa2 {[%clk 0:04:27]} 37. Rxe4 {[%clk 0:00:59]} h5 {[%clk 0:04:51]} 38. Kg3
{[%clk 0:01:04]} Rb2 {[%clk 0:04:53]} 39. Ra4 {[%clk 0:01:06]} Rc2 {[%clk
0:05:06]} 40. Kf3 {[%clk 0:31:14]} Rb2 {[%clk 0:32:23]} 41. Ra7 {[%clk 0:26:29]}
Rc2 {[%clk 0:30:25]} 42. Ra3 {[%clk 0:25:09]} f5 {[%clk 0:29:52]} 43. Ra7+ {[%clk
0:20:18]} Kg8 {[%clk 0:29:57]} 44. g3 {[%clk 0:16:26]} Rh2 {[%clk 0:30:04]} 45.
h4 {[%clk 0:16:31]} Rb2 {[%clk 0:30:25]} 46. Ra3 {[%clk 0:15:55]} Rb4 {[%clk
0:30:49]} 47. Rd3 {[%clk 0:15:49]} Kf7 {[%clk 0:30:40]} 48. Rd4 {[%clk 0:15:09]}
Rb3 {[%clk 0:30:58]} 49. Kf2 {[%clk 0:14:22]} Rb2+ {[%clk 0:31:07]} 50. Kf3
{[%clk 0:14:43]} Rb3 {[%clk 0:31:31]} 51. Rd2 {[%clk 0:07:34]} Ra3 {[%clk
0:31:36]} 52. Kf2 {[%clk 0:07:46]} Ra4 {[%clk 0:31:03]} 53. Rd5 {[%clk 0:06:57]}
Ra2+ {[%clk 0:31:20]} 54. Kf3 {[%clk 0:07:15]} Ra3 {[%clk 0:31:43]} 55. Re5
{[%clk 0:07:27]} Rb3 {[%clk 0:31:52]} 56. Kf2 {[%clk 0:07:08]} Rb2+ {[%clk
0:32:08]} 57. Kf3 {[%clk 0:07:20]} Rb3 {[%clk 0:32:32]} 1/2-1/2

[Event "Irena Warakomska Memorial A"]
[Site "Suwalki"]
[Date "2021.08.03"]
[Round "9"]
[White "Parol, Pola"]
[Black "Lach, Aleksandra"]
[Result "1/2-1/2"]
[Board "26"]
[WhiteElo "2111"]
[WhiteTitle "WFM"]
[WhiteCountry "POL"]
[WhiteFideId "1163116"]
[WhiteEloChange "2"]
[BlackElo "2183"]
[BlackTitle "WIM"]
[BlackCountry "POL"]
[BlackFideId "1134299"]
[BlackEloChange "-2"]

1. e4 {[%clk 1:30:57]} c5 {[%clk 1:30:49]} 2. c4 {[%clk 1:30:50]} Nc6 {[%clk
1:26:32]} 3. Nc3 {[%clk 1:29:12]} g6 {[%clk 1:21:18]} 4. g3 {[%clk 1:28:14]} Bg7
{[%clk 1:21:33]} 5. Bg2 {[%clk 1:28:13]} d6 {[%clk 1:20:45]} 6. Nge2 {[%clk
1:27:12]} e5 {[%clk 1:18:29]} 7. O-O {[%clk 1:23:55]} Nge7 {[%clk 1:18:10]} 8. d3
{[%clk 1:23:38]} O-O {[%clk 1:17:05]} 9. a3 {[%clk 1:22:06]} h6 {[%clk 1:12:18]}
10. Rb1 {[%clk 1:18:56]} a5 {[%clk 1:10:57]} 11. Bd2 {[%clk 1:17:53]} Kh7 {[%clk
1:08:22]} 12. h3 {[%clk 1:17:07]} f5 {[%clk 1:05:07]} 13. Nd5 {[%clk 1:13:57]}
fxe4 {[%clk 0:59:27]} 14. dxe4 {[%clk 1:13:59]} Nxd5 {[%clk 0:59:38]} 15. cxd5
{[%clk 1:12:38]} 1/2-1/2

[Event "Irena Warakomska Memorial A"]
[Site "Suwalki"]
[Date "2021.08.03"]
[Round "9"]
[White "Golenia, Wojciech"]
[Black "Warchol, Kamil"]
[Result "1/2-1/2"]
[Board "27"]
[WhiteElo "2102"]
[WhiteCountry "POL"]
[WhiteFideId "1175300"]
[WhiteEloChange "2"]
[BlackElo "2183"]
[BlackTitle "CM"]
[BlackCountry "POL"]
[BlackFideId "21858241"]
[BlackEloChange "-2"]

1. e4 {[%clk 1:26:57]} c5 {[%clk 1:30:27]} 2. Nf3 {[%clk 1:27:14]} e6 {[%clk
1:29:44]} 3. d4 {[%clk 1:26:54]} cxd4 {[%clk 1:28:49]} 4. Nxd4 {[%clk 1:27:15]}
a6 {[%clk 1:29:11]} 5. Bd3 {[%clk 1:27:00]} Nc6 {[%clk 1:27:24]} 6. Nxc6 {[%clk
1:21:35]} dxc6 {[%clk 1:27:19]} 7. Nd2 {[%clk 1:13:50]} Qc7 {[%clk 1:25:22]} 8.
O-O {[%clk 1:12:39]} e5 {[%clk 1:21:00]} 9. Nc4 {[%clk 1:11:31]} b5 {[%clk
1:18:31]} 10. Ne3 {[%clk 1:11:00]} Nf6 {[%clk 1:12:47]} 11. a4 {[%clk 1:09:35]}
Ra7 {[%clk 1:02:35]} 12. Qf3 {[%clk 1:02:18]} Bc5 {[%clk 0:54:55]} 13. Nf5 {[%clk
1:01:25]} Bxf5 {[%clk 0:51:03]} 14. exf5 {[%clk 0:57:20]} O-O {[%clk 0:36:07]}
15. Bg5 {[%clk 0:56:46]} Be7 {[%clk 0:35:20]} 16. Rfe1 {[%clk 0:45:33]} Re8
{[%clk 0:29:32]} 17. h3 {[%clk 0:35:16]} h6 {[%clk 0:22:44]} 18. Bh4 {[%clk
0:33:06]} Rb8 {[%clk 0:15:56]} 19. axb5 {[%clk 0:22:10]} cxb5 {[%clk 0:15:48]}
20. Qe3 {[%clk 0:20:57]} Nd5 {[%clk 0:10:55]} 21. Qxe5 {[%clk 0:20:16]} Bxh4
{[%clk 0:10:24]} 22. Qxd5 {[%clk 0:19:58]} Qb6 {[%clk 0:10:19]} 23. Qf3 {[%clk
0:18:42]} Bf6 {[%clk 0:09:01]} 24. Rab1 {[%clk 0:16:04]} a5 {[%clk 0:06:49]} 25.
Re4 {[%clk 0:15:42]} Qc5 {[%clk 0:06:14]} 26. Qe3 {[%clk 0:13:57]} Qxe3 {[%clk
0:02:58]} 27. fxe3 {[%clk 0:13:38]} Rc7 {[%clk 0:02:39]} 28. Kf2 {[%clk 0:11:57]}
Rc5 {[%clk 0:02:35]} 29. g4 {[%clk 0:11:10]} Rd5 {[%clk 0:01:51]} 30. Ke2 {[%clk
0:09:53]} Rbd8 {[%clk 0:02:04]} 31. Ra1 {[%clk 0:09:04]} b4 {[%clk 0:01:59]} 32.
Rb1 {[%clk 0:09:10]} b3 {[%clk 0:01:51]} 33. Rd1 {[%clk 0:01:51]} 1/2-1/2

[Event "Irena Warakomska Memorial A"]
[Site "Suwalki"]
[Date "2021.08.03"]
[Round "9"]
[White "Krzywda, Andrzej"]
[Black "Wikar, Martyna"]
[Result "1/2-1/2"]
[Board "28"]
[WhiteElo "2105"]
[WhiteTitle "CM"]
[WhiteCountry "POL"]
[WhiteFideId "1114565"]
[WhiteEloChange "2"]
[BlackElo "2168"]
[BlackCountry "POL"]
[BlackFideId "21807663"]
[BlackEloChange "-2"]

1. e4 {[%clk 1:30:56]} c5 {[%clk 1:26:18]} 2. Nc3 {[%clk 1:31:20]} a6 {[%clk
1:26:23]} 3. g3 {[%clk 1:31:27]} Nc6 {[%clk 1:25:09]} 4. Bg2 {[%clk 1:31:03]} d6
{[%clk 1:23:14]} 5. Nge2 {[%clk 1:30:01]} Nf6 {[%clk 1:23:06]} 6. O-O {[%clk
1:29:07]} g6 {[%clk 1:18:59]} 7. d3 {[%clk 1:27:08]} Bg7 {[%clk 1:19:12]} 8. f4
{[%clk 1:27:07]} O-O {[%clk 1:18:38]} 9. h3 {[%clk 1:26:37]} Bd7 {[%clk 1:11:50]}
10. g4 {[%clk 1:26:19]} Ne8 {[%clk 1:11:30]} 11. f5 {[%clk 1:24:06]} b5 {[%clk
1:09:33]} 12. Ng3 {[%clk 1:21:23]} Be5 {[%clk 1:05:01]} 13. Nce2 {[%clk 1:18:15]}
Qb6 {[%clk 1:03:51]} 14. c3 {[%clk 1:14:44]} b4 {[%clk 1:00:46]} 15. c4 {[%clk
1:12:19]} b3 {[%clk 0:52:23]} 16. a3 {[%clk 1:09:12]} Ng7 {[%clk 0:48:44]} 17.
Rb1 {[%clk 1:01:52]} Kh8 {[%clk 0:35:25]} 18. Bd2 {[%clk 0:57:47]} Nd4 {[%clk
0:33:24]} 19. Nxd4 {[%clk 0:56:46]} Bxd4+ {[%clk 0:32:59]} 20. Kh1 {[%clk
0:56:42]} Bc6 {[%clk 0:32:36]} 21. Qe1 {[%clk 0:51:59]} Be5 {[%clk 0:31:12]} 22.
Ne2 {[%clk 0:50:55]} Qd8 {[%clk 0:27:24]} 23. Qh4 {[%clk 0:45:22]} e6 {[%clk
0:22:24]} 24. Bg5 {[%clk 0:36:55]} Qd7 {[%clk 0:22:04]} 25. f6 {[%clk 0:35:46]}
Ne8 {[%clk 0:22:28]} 26. Ng1 {[%clk 0:35:14]} Qd8 {[%clk 0:19:55]} 27. Nf3 {[%clk
0:22:17]} Bxf6 {[%clk 0:16:45]} 28. Rf2 {[%clk 0:21:53]} Ra7 {[%clk 0:07:11]} 29.
Rbf1 {[%clk 0:21:37]} Be7 {[%clk 0:05:12]} 30. Qh6 {[%clk 0:11:42]} f6 {[%clk
0:03:23]} 31. Bd2 {[%clk 0:10:57]} Ng7 {[%clk 0:02:23]} 32. Nh4 {[%clk 0:07:44]}
Kg8 {[%clk 0:02:29]} 33. Bc3 {[%clk 0:06:42]} e5 {[%clk 0:02:39]} 34. Nf3 {[%clk
0:06:05]} Ne6 {[%clk 0:02:40]} 35. Bd2 {[%clk 0:06:03]} Rf7 {[%clk 0:02:25]} 36.
Be3 {[%clk 0:03:43]} Qf8 {[%clk 0:02:10]} 37. Qxf8+ {[%clk 0:02:49]} Rxf8 {[%clk
0:02:11]} 38. Nd2 {[%clk 0:02:45]} Rb7 {[%clk 0:02:24]} 39. Bf3 {[%clk 0:02:09]}
a5 {[%clk 0:02:16]} 40. Bd1 {[%clk 0:31:36]} a4 {[%clk 0:32:16]} 41. Kh2 {[%clk
0:26:49]} Ng7 {[%clk 0:26:13]} 42. Nb1 {[%clk 0:26:08]} Bd8 {[%clk 0:24:35]} 43.
Bh6 {[%clk 0:23:35]} Rff7 {[%clk 0:23:45]} 44. Bxg7 {[%clk 0:21:51]} Kxg7 {[%clk
0:23:59]} 45. Bf3 {[%clk 0:19:24]} Ba5 {[%clk 0:23:23]} 46. Bg2 {[%clk 0:18:42]}
Rb8 {[%clk 0:22:51]} 47. h4 {[%clk 0:15:52]} Bd7 {[%clk 0:20:48]} 48. Bh3 {[%clk
0:16:15]} Rbf8 {[%clk 0:18:17]} 49. Rf3 {[%clk 0:16:18]} 1/2-1/2

[Event "Irena Warakomska Memorial A"]
[Site "Suwalki"]
[Date "2021.08.03"]
[Round "9"]
[White "Backiel, Hubert"]
[Black "Praczukowski, Stanislaw"]
[Result "1/2-1/2"]
[Board "29"]
[WhiteElo "1955"]
[WhiteCountry "POL"]
[WhiteFideId "21838631"]
[WhiteEloChange "5"]
[BlackElo "2156"]
[BlackCountry "POL"]
[BlackFideId "1182730"]
[BlackEloChange "-5"]

1. e4 {[%clk 1:30:59]} c6 {[%clk 1:30:46]} 2. Nf3 {[%clk 1:30:28]} d5 {[%clk
1:31:08]} 3. Nc3 {[%clk 1:30:43]} Bg4 {[%clk 1:31:23]} 4. h3 {[%clk 1:30:57]}
Bxf3 {[%clk 1:31:43]} 5. Qxf3 {[%clk 1:31:22]} e6 {[%clk 1:31:32]} 6. d3 {[%clk
1:29:04]} Nd7 {[%clk 1:30:19]} 7. Qg3 {[%clk 1:27:09]} Ne7 {[%clk 1:22:51]} 8.
Be2 {[%clk 1:24:52]} g6 {[%clk 1:21:47]} 9. Bf4 {[%clk 1:13:48]} Bg7 {[%clk
1:18:07]} 10. Bc7 {[%clk 1:09:36]} Qc8 {[%clk 1:18:06]} 11. Bd6 {[%clk 1:09:22]}
Qd8 {[%clk 1:15:31]} 12. Bc7 {[%clk 1:09:30]} Qc8 {[%clk 1:15:27]} 13. Bd6 {[%clk
1:09:49]} Qd8 {[%clk 1:05:39]} 14. Bc7 {[%clk 0:57:58]} Qc8 {[%clk 1:05:57]}
1/2-1/2

[Event "Irena Warakomska Memorial A"]
[Site "Suwalki"]
[Date "2021.08.03"]
[Round "9"]
[White "Kacprzak, Karol"]
[Black "Golenia, Jan"]
[Result "1/2-1/2"]
[Board "30"]
[WhiteElo "2151"]
[WhiteCountry "POL"]
[WhiteFideId "21819327"]
[WhiteEloChange "-1"]
[BlackElo "2103"]
[BlackCountry "POL"]
[BlackFideId "21800227"]
[BlackEloChange "1"]

1. e4 {[%clk 1:30:57]} e5 {[%clk 1:30:44]} 2. Nf3 {[%clk 1:31:16]} Nc6 {[%clk
1:30:33]} 3. Bb5 {[%clk 1:31:35]} a6 {[%clk 1:30:57]} 4. Ba4 {[%clk 1:31:58]} Nf6
{[%clk 1:31:11]} 5. O-O {[%clk 1:32:18]} Be7 {[%clk 1:29:49]} 6. d3 {[%clk
1:31:53]} d6 {[%clk 1:29:56]} 7. c3 {[%clk 1:30:57]} O-O {[%clk 1:29:34]} 8. Re1
{[%clk 1:30:45]} Bg4 {[%clk 1:24:15]} 9. Nbd2 {[%clk 1:30:33]} b5 {[%clk
1:24:37]} 10. Bc2 {[%clk 1:30:51]} d5 {[%clk 1:23:20]} 11. h3 {[%clk 1:27:01]}
Bxf3 {[%clk 1:19:19]} 12. Qxf3 {[%clk 1:27:04]} d4 {[%clk 1:19:39]} 13. Nb3
{[%clk 1:16:10]} Nd7 {[%clk 0:59:01]} 14. cxd4 {[%clk 1:03:21]} 1/2-1/2